UBT Library

Fundamentals of Research in Criminology and Crime Justice (Record no. 58056)

000 -LEADER
fixed length control field 00359nam a22001457a 4500
008 - FIXED-LENGTH DATA ELEMENTS--GENERAL INFORMATION
fixed length control field 210608b ||||| |||| 00| 0 eng d
020 ## - INTERNATIONAL STANDARD BOOK NUMBER
International Standard Book Number 9781412991766
041 ## - LANGUAGE CODE
Language code of text/sound track or separate title eng
080 ## - UNIVERSAL DECIMAL CLASSIFICATION NUMBER
Edition identifier 2nd
Universal Decimal Classification number 343.9
082 ## - DEWEY DECIMAL CLASSIFICATION NUMBER
Classification number 343.9
100 ## - Rafti
Rafti 13
101 ## - Shkurtesa
Shkurtesa KRI
245 ## - TITLE STATEMENT
Title Fundamentals of Research in Criminology and Crime Justice
Statement of responsibility, etc Ronet Bachman
942 ## - ADDED ENTRY ELEMENTS (KOHA)
Source of classification or shelving scheme
Item type Books
Holdings
Withdrawn status Lost status Source of classification or shelving scheme Damaged status Not for loan Collection code Permanent location Current location Shelving location Date acquired Total Checkouts Full call number Barcode Date last seen Price effective from Koha item type
          Koleksioni i përgjithshem UBT - Lipjan UBT - Lipjan Koleksioni i përgjithshem 06/08/2021   343.9 BAC 002-7003409 06/08/2021 06/08/2021 Books
UBT Library © 2015-2024. All rights reserved University Education for Business and Technology